Villes et villages français ayant donné leur nom à des fromages - Statistiques

Statistiques générales
  • Ce quiz a été pris 72 fois
  • Le résultat moyen est 8 sur 20
Statistiques - réponses
Description de la ville et du fromage
Réponse
% Correct
Village de l'Orne d'à peine 200 habitants. Sûrement l'un des fromages français les plus connu à l'international. Camembert
89%
Ce village de l'Aveyron traversé par le Soulzon est situé dans le parc naturel régional des Grands Causses. Fromage de brebis à pâté persillée. Premier fromage à obtenir l'AOC, en 1925. Roquefort-sur-Soulzon
71%
Au XIXe siècle, ce village du Jura est avec Morez la capitale de l’horloge comtoise. Fromage reconnaissable à la fine couche de cendres en son centre. Morbier
66%
Ce village alsacien fait partie du Parc naturel régional des Ballons des Vosges. Malgré une odeur forte, ce fromage de vache a un goût assez doux. Munster
58%
Village du Nord, situé en plein cœur du Parc Régional de l'Avesnois. Fromage carré ayant une odeur caractéristique. Maroilles
48%
Les sources thermales de ce village puydômois sont utilisées depuis l'Antiquité. Jusqu'au XVIIIe siècle, ce fromage de vache était appelé "fromage de seigle" en raison de son affinage sur la paille de seigle. Saint-Nectaire
44%
Village haut-savoyard à proximité du barrage de Roselend. Semblable au fromage ci-dessus, il se distingue toutefois par une durée d'affinage plus longue et des meules plus grosses. Beaufort
40%
Cette cité médiévale du Lot, campée sur une falaise abrupte, est un lieu de pélerinage. Fromage de la famille des cabécous. Rocamadour
40%
Ce village cantalou, dont les habitants sont les Sagraniers et les Sagranières, a aussi donné son nom à une race de vache. Ce fromage à pâte ferme et croute sèche se présente sous la forme d'un cylindre de dimensions variables, pesant de 35 à 55 kilogrammes. Salers
39%
Sous-préfecture auvergnate ayant une mairie ronde. Ce fourme cylindrique à pâte persillée, il est généralement commercialisé sous forme de tranches circulaires. Ambert
37%
Cette commune a été fusionnée avec 21 autres en 2016 pour former la commune de ___-Pays-d'Auge. Ce fromage est surnommé le "Colonel" en raison des 3 à 5 bandelettes qui l'entourent, originellement pour l'empêcher de s'affaisser durant son affinage. Livarot
35%
Village de l'Aubrac connu pour ses couteaux. Ce fromage entre dans la préparation de la soupe au fromage. Laguiole
32%
Ce village de 5000 habitantes est situé entre Deauville et Lisieux. Ce fromage carré crémeux et intense a été conçu par des moines cisterciens au XIIIe siècle. Pont-l'Évêque
32%
Village du Chablais situé à 900m d'altitude. Ce fromage au lait cru de vache reconnaissable grâce à son talon concave est l'ingrédient de base du Berthoud, plat typiquement savoyard. Abondance
31%
Les habitant.e.s de cette commune de Côte-d'Or sont appelé.e.s les Espicéens et Espicéennes. Fromage à pâte molle de couleur ivoire orangée à rouge brique. Epoisses
24%
Cette commune du nord de l'Indre abrite au château de la Loire. Fromage de chèvre caractérisé par une forme quasi-pyramidale. Valencay
23%
Bien qu'il fasse penser à un animal, le nom de ce village dérive du latin "Catus" signifiant "bataille". Ce fromage de vache doux et crémeux à croûte fleurie, originaire de Champagne, est un goût de crème et de champignon. Chaource
19%
David Douillet, judoka français et ancien ministre des sports a commencé son parcours sportif dans cette commune de Seine-Maritime. Fromage facilement reconnaissable par sa forme de cœur. Neufchâtel-en-Bray
19%
Chaque année, cette petite ville de Haute-Marne accueille les Rencontres Philosophiques, réunissant environ 200 professeurs venus de toute la France. Orange et de forme cylindrique, ce fromage est marqué par un creux en son centre. Langres
18%
Cette commune du Loir-et-Cher est situé à mi-chemin entre Bourges et Tours. Ce fromage est caractérisé par sa pâte molle de couleur blanche et sa croûte cendrée à la poudre de charbon de bois. Selles-sur-Cher
16%
Aucun quiz correspondant
Distribution des résultats
% des personnes avec chaque résultat
Percentile par nombre de réponses
Votre historique - résultats
Vous n’avez pas pris ce quiz